000 00788cam a2200217 a 4500
001 000007950
005 20200929154350.0
008 950112s1998 gt 000 1 spa
020 _a9992200124
082 _aG863.44
_bG964p
100 1 _aGuinea Diez, Gerardo,
_d1955-
_921758
245 1 0 _aPor qué maté a Bob Hope :
_b(o del tratado de las ausencias ) /
_cGerardo Guinea Diez.
260 _aGuatemala :
_bBiblioteca Nacional de Guatemala,
_c1998.
300 _a105 p. ;
_c21 cm.
490 1 _aNarrativa Guatemalteca S. XX
_aMiguel Ángel Asturias
490 1 _vno. 25
650 4 _aNovela guatemalteca
_95392
650 4 _aLiteratura guatemalteca
_95393
830 0 _aNarrativa Guatemalteca S. XX
_pMiguel Ángel Asturias
_vno. 25
_pMiguel Ángel Asturias ;
_921759
999 _c7728
_d7728
040 _aDO-SdBNP